Score 0/51 Timer 05:00
0 Plays Today
Hint Word % Correct
Highway to ____, 1999HELL
96.9%
Numbers divisible by 2EVEN
95.8%
Alive and ____, 1999WELL
94.8%
____ Woman, 2006EVIL
93.9%
Aquatic circus mammalSEAL
93.6%
Steve Carell's Almighty characterEVAN
93.4%
Graceful, large white waterbirdSWAN
93.2%
Join metals by heatWELD
93.1%
Stomp Your Hands, Clap Your ____, 1984FEET
93.1%
Kazakh-, Kyrgyz-, Uzbeki- endingSTAN
92.9%
____ With Me Tonight, 1988 STAY
92.8%
Star Wars actor McGregorEWAN
92.7%
Daredevil KnievelEVEL
92.5%
Cure of sicknessHEAL
92.3%
Distance between wing tips SPAN
92.3%
Dark red edible rootBEET
91.3%
Hive dwellersBEES
91.1%
Prepare a cakeBAKE
90.8%
Air currentWIND
90.8%
Large farm buildingBARN
90.2%
Irish equivalent of French 'Jean'SEAN
89.8%
Sterilize female animalSPAY
89.6%
UnclothedBARE
89.5%
WagersBETS
89.5%
Winners ____ All, 1984TAKE
88.7%
The ____ and the Young, 1986WILD
87.6%
Hint Word % Correct
Tie tightly togetherBIND
87.2%
Cum On ____ the Noize, 1983FEEL
86.8%
____ to Rock, 1984BORN
86.6%
Eared cereal plantCORN
85.6%
Sign of the ____s, 1984TIME
83.2%
____ Get Crazy, 1983LET'S
83.1%
TavernsBARS
82.9%
Actor without wordsMIME
82.8%
To get wearyTIRE
81.7%
Young horseFOAL
81.6%
Masked mammal, for shortCOON
79.5%
ChillyCOOL
79.3%
Shakespeare of AvonBARD
78.8%
Unladen vehicle weightTARE
77.7%
Thunder____, 1983BIRD
77.3%
Don’t Wanna Be Your ____, 1988FOOL
76.4%
Archaic for 'loyal'FEAL
73.6%
Mrs. Harry TrumanBESS
68.8%
Breath____, 1983LESS
67.9%
____ Case, 1986BASS
63.3%
____ or Fall, 1986RISE
60.9%
♫ THE BAND: Quiet ____RIOT
58.6%
A writ of rightMISE
55.1%
Teeming, abundantRIFE
45%
Fissure, divisionRIFT
44.8%

Today's Daily Dose

Missing Word
3 Word TV Shows

Word Ladder
Olsen Twins

Quick Pick
TLC Shows

You're not logged in!

Compare scores with friends on all Sporcle quizzes.
OR
Log In

Sporcle TV

Today on Sporcle TV


Watch our educational content, quiz creation guides, and fun videos on Sporcle TV.

Show Comments

Extras

Top Quizzes Today


Score Distribution

Paid Content

Your Account Isn't Verified!

In order to create a playlist on Sporcle, you need to verify the email address you used during registration. Go to your Sporcle Settings to finish the process.

Report this User

Report this user for behavior that violates our Community Guidelines.

Details: